[Event "V Festival A"]
[Site "Erba ITA"]
[Date "2011.03.18"]
[Round "1"]
[White "Borgo, Giulio"]
[Black "Radice, Luca"]
[Result "1-0"]
[WhiteElo "2401"]
[BlackElo "1997"]
[PlyCount "105"]
[EventDate "2011.03.18"]

1. e4 e6 2. b3 d5 3. Bb2 Nf6 4. e5 Nfd7 5. Nf3 c5 6. g3 Nc6 7. Bg2 Be7 8. O-O
O-O 9. Qe2 b5 10. d3 a5 11. c4 bxc4 12. dxc4 Ba6 13. Rd1 Rc8 14. Nc3 Qc7 15.
Rac1 Qb8 16. Nb5 d4 17. Re1 a4 18. bxa4 Nb6 19. Rb1 Nxa4 20. Ba1 Bxb5 21. cxb5
Nb4 22. Qd1 Qa7 23. a3 Nd5 24. Qd3 Rfd8 25. Nd2 Ndb6 26. Bc6 h6 27. h4 Nd5 28.
Ne4 Qc7 29. Qc2 Ndb6 30. Nd2 Qa7 31. Re4 Nd5 32. Bxd5 exd5 33. Rf4 Nb6 34. Bb2
Qc7 35. Re1 Qd7 36. a4 Ra8 37. Ra1 Ra5 38. Ra3 Rda8 39. Raf3 Rf8 40. Nb3 Rxa4
41. Nxc5 Bxc5 42. Qxc5 Nc4 43. Bxd4 Qh3 44. g4 Qxh4 45. Qxd5 Rb4 46. Kg2 Rb1
47. Rh3 Rg1+ 48. Kxg1 Qxh3 49. Qxc4 g5 50. Re4 Qf3 51. Qe2 Qb3 52. e6 fxe6 53.
Rxe6 1-0

[Event "V Festival A"]
[Site "Erba ITA"]
[Date "2011.03.18"]
[Round "1"]
[White "Cattaneo, Marco"]
[Black "Marholev, Dimitar"]
[Result "0-1"]
[WhiteElo "1990"]
[BlackElo "2384"]
[PlyCount "28"]
[EventDate "2011.03.18"]

1. d4 Nf6 2. Nf3 g6 3. c4 Bg7 4. Nc3 O-O 5. e4 d6 6. Be2 a5 7. O-O Bg4 8. Be3
Nfd7 9. Ne1 Bxe2 10. Qxe2 Nc6 11. d5 Nd4 12. Qd2 c5 13. Nc2 Ne5 14. b3 Ndf3+
0-1

[Event "V Festival A"]
[Site "Erba ITA"]
[Date "2011.03.18"]
[Round "1"]
[White "Di Lascio, Savino"]
[Black "Damia, Angelo"]
[Result "0-1"]
[WhiteElo "1974"]
[BlackElo "2334"]
[PlyCount "74"]
[EventDate "2011.03.18"]

1. e4 c5 2. Nf3 a6 3. g3 Nc6 4. Bg2 g6 5. O-O Bg7 6. Qe2 d6 7. h3 e6 8. d3 Nge7
9. Nc3 b5 10. Nd1 Bb7 11. c3 O-O 12. Nh2 d5 13. f4 d4 14. Kh1 dxc3 15. bxc3 b4
16. e5 Nf5 17. Qf2 Qxd3 18. Ne3 Na5 19. Bxb7 Nxb7 20. Nxf5 exf5 21. cxb4 cxb4
22. Nf3 Nc5 23. Kg2 Ne4 24. Qe1 Rac8 25. Be3 Rc2+ 26. Bf2 Rfc8 27. Rd1 Qe2 28.
Ra1 Bf8 29. Qxe2 Rxe2 30. Nd4 Rxf2+ 31. Rxf2 Nxf2 32. Kxf2 Bc5 33. Rd1 Rd8 34.
Ke3 a5 35. Rd3 a4 36. g4 a3 37. h4 Rxd4 0-1

[Event "V Festival A"]
[Site "Erba ITA"]
[Date "2011.03.18"]
[Round "1"]
[White "Drazic, Sinisa"]
[Black "Seyfried, Claus"]
[Result "1-0"]
[WhiteElo "2467"]
[BlackElo "2159"]
[PlyCount "65"]
[EventDate "2011.03.18"]

1. g3 d5 2. Bg2 c6 3. f4 Bf5 4. d3 Nf6 5. Nd2 e6 6. e4 Bg4 7. Ngf3 dxe4 8. dxe4
Bc5 9. Qe2 Nbd7 10. e5 Nd5 11. Ne4 Qb6 12. h3 Bf5 13. Nh4 Bxe4 14. Bxe4 Bf2+
15. Qxf2 Qb4+ 16. Kd1 Qxe4 17. Re1 Qa4 18. Bd2 O-O-O 19. a3 c5 20. b3 Qc6 21.
c4 Ne7 22. Kc2 Nb6 23. Be3 Nxc4 24. bxc4 Qa4+ 25. Kb2 Qxc4 26. Rac1 Qb5+ 27.
Ka1 Nc6 28. Bxc5 Rd3 29. Re3 Rhd8 30. Nf3 Kb8 31. Rxd3 Rxd3 32. Ne1 Na5 33.
Bxa7+ 1-0

[Event "V Festival A"]
[Site "Erba ITA"]
[Date "2011.03.18"]
[Round "1"]
[White "Gagliardi, Christian"]
[Black "Janev, Evgeni"]
[Result "0-1"]
[WhiteElo "2212"]
[BlackElo "2498"]
[PlyCount "110"]
[EventDate "2011.03.18"]

1. e4 Nf6 2. e5 Nd5 3. d4 d6 4. c4 Nb6 5. exd6 cxd6 6. Be3 g6 7. Nc3 Bg7 8. Rc1
O-O 9. Bd3 Nc6 10. Nge2 d5 11. c5 Nc4 12. Bxc4 dxc4 13. O-O Qa5 14. Qa4 Qxa4
15. Nxa4 Bf5 16. Rfd1 Rfd8 17. Rxc4 Be6 18. Rc3 Bxa2 19. b3 e5 20. d5 e4 21.
Rd2 Nb4 22. Rc4 a5 23. Rxb4 axb4 24. Rxa2 Rxd5 25. g3 Rd1+ 26. Kg2 Rb1 27. Nc1
Rd8 28. Rc2 Bd4 29. Bd2 Ra8 30. Rc4 Rd8 31. Rxb4 e3 32. Rxd4 Rxd4 33. Bxe3 Rd1
34. Ne2 Rxb3 35. Nac3 Rd3 36. Ne4 Rxe3 37. fxe3 Rxe3 38. N2c3 f5 39. Nf6+ Kf7
40. Nfd5 Re5 41. h4 h6 42. Kf3 g5 43. hxg5 hxg5 44. Ne3 Rxc5 45. Ne2 Kg6 46.
Nd4 b5 47. g4 f4 48. Nec2 Re5 49. Nc6 Rc5 50. N6d4 Rc3+ 51. Ke4 f3 52. Ne3 f2
53. Ndf5 b4 54. Kd4 Rc1 55. Ng3 b3 0-1

[Event "V Festival A"]
[Site "Erba ITA"]
[Date "2011.03.18"]
[Round "1"]
[White "Laketic, Gojko"]
[Black "Betori, Alessandro"]
[Result "1-0"]
[WhiteElo "2452"]
[BlackElo "2025"]
[PlyCount "89"]
[EventDate "2011.03.18"]

1. d4 Nf6 2. c4 d6 3. Nf3 g6 4. Nc3 Bg7 5. e4 O-O 6. Be2 Nbd7 7. Bg5 c6 8. O-O
Qc7 9. Nd2 e5 10. d5 c5 11. a3 h6 12. Be3 Nh7 13. b4 a6 14. Nb3 b6 15. Qc1 g5
16. Rb1 f5 17. exf5 Rxf5 18. Ne4 Ndf6 19. Nbd2 Nxe4 20. Nxe4 Nf6 21. Ng3 Rf4
22. bxc5 bxc5 23. Bxf4 exf4 24. Nh5 Nxh5 25. Bxh5 Bf5 26. Rb3 Be5 27. h3 Qd7
28. Qd1 Qh7 29. Qc1 Bc2 30. Rb6 Qe4 31. Qe1 Qxc4 32. Rxd6 Qd4 33. Re6 Be4 34.
Rxe5 Qxe5 35. Bg6 Re8 36. Bxe8 Qxe8 37. f3 Bg6 38. Qxe8+ Bxe8 39. Rc1 Kf8 40.
Rxc5 Ke7 41. Rc8 h5 42. Kf2 g4 43. fxg4 hxg4 44. Rxe8+ Kxe8 45. hxg4 1-0

[Event "V Festival A"]
[Site "Erba ITA"]
[Date "2011.03.18"]
[Round "1"]
[White "Liscio, Giovanni"]
[Black "Arnaudov, G. Petar"]
[Result "0-1"]
[WhiteElo "2027"]
[BlackElo "2453"]
[PlyCount "60"]
[EventDate "2011.03.18"]

1. d4 Nf6 2. Nf3 e6 3. g3 b6 4. Bg2 Bb7 5. O-O c5 6. e3 Be7 7. c4 O-O 8. b3
cxd4 9. exd4 d5 10. Ne5 Qc8 11. Ba3 Bxa3 12. Nxa3 dxc4 13. Bxb7 Qxb7 14. bxc4
Rd8 15. Qf3 Qxf3 16. Nxf3 Nc6 17. Rfd1 Rac8 18. Rab1 h6 19. Kf1 g5 20. h3 Rc7
21. c5 bxc5 22. dxc5 Rxd1+ 23. Rxd1 Nb4 24. Nb5 Rxc5 25. Nxa7 Nxa2 26. Rd8+ Kg7
27. Rc8 Rxc8 28. Nxc8 Ne4 29. Ne7 Nb4 30. Ne1 Nd6 0-1

[Event "V Festival A"]
[Site "Erba ITA"]
[Date "2011.03.18"]
[Round "1"]
[White "Locatelli, Andrea"]
[Black "Kosic, Dragan"]
[Result "0-1"]
[WhiteElo "2123"]
[BlackElo "2466"]
[PlyCount "56"]
[EventDate "2011.03.18"]

1. e4 e6 2. d4 d5 3. Nc3 Nf6 4. Bg5 dxe4 5. Nxe4 Be7 6. Nxf6+ Bxf6 7. Bxf6 Qxf6
8. Nf3 O-O 9. Bd3 c5 10. Qe2 cxd4 11. Qe4 g6 12. O-O-O Nc6 13. Bb5 Bd7 14. Nxd4
Nxd4 15. Bxd7 Nf5 16. g4 Ne7 17. f4 Rfd8 18. Rhf1 Nd5 19. Ba4 Qh4 20. g5 Qxh2
21. Bb3 Rac8 22. Rd2 Qxd2+ 23. Kxd2 Nf6+ 24. Ke3 Nxe4 25. Kxe4 Rd2 26. Rf3 Kg7
27. Rh3 b5 28. Ke3 Rcxc2 0-1

[Event "V Festival A"]
[Site "Erba ITA"]
[Date "2011.03.18"]
[Round "1"]
[White "Miracola, Massimiliano"]
[Black "Pace, Pietro Dario"]
[Result "0-1"]
[WhiteElo "1929"]
[BlackElo "2300"]
[PlyCount "74"]
[EventDate "2011.03.18"]

1. e4 c5 2. Nf3 Nc6 3. d4 cxd4 4. Nxd4 Nf6 5. Nc3 e5 6. Ndb5 d6 7. Bg5 a6 8.
Na3 b5 9. Bxf6 gxf6 10. Nd5 Bg7 11. c3 O-O 12. Nc2 f5 13. exf5 Bxf5 14. Nce3
Be6 15. Bd3 f5 16. O-O Ra7 17. a4 Ne7 18. Nxe7+ Rxe7 19. axb5 axb5 20. Bxb5 f4
21. Nd5 Rb7 22. Bc6 Rbf7 23. Ra8 Qh4 24. Rxf8+ Bxf8 25. f3 Kh8 26. Qe1 Qh6 27.
Qd2 Rg7 28. b4 Rg5 29. Rf2 Rh5 30. h3 Qg6 31. Kf1 Qb1+ 32. Qe1 Qb3 33. Nxf4
exf4 34. Be4 Bg7 35. Rc2 Re5 36. Qa1 Qc4+ 37. Kg1 d5 0-1

[Event "V Festival A"]
[Site "Erba ITA"]
[Date "2011.03.18"]
[Round "1"]
[White "Petkov, Vladimir"]
[Black "Angelini, Marco"]
[Result "1-0"]
[WhiteElo "2493"]
[BlackElo "2177"]
[PlyCount "87"]
[EventDate "2011.03.18"]

1. d4 d5 2. c4 e6 3. Nc3 Nf6 4. Bg5 Be7 5. cxd5 exd5 6. e3 O-O 7. Bd3 Nbd7 8.
Qc2 Re8 9. Nge2 Nf8 10. Nf4 c6 11. O-O-O b5 12. Kb1 a5 13. f3 Bd7 14. h4 a4 15.
e4 dxe4 16. fxe4 Bg4 17. Nce2 Qb6 18. Rc1 Rac8 19. Bxf6 Bxf6 20. e5 Be7 21. Bf5
Bxf5 22. Qxf5 f6 23. Rhf1 a3 24. b3 Qa7 25. Nh5 Qd7 26. Nxg7 Kxg7 27. exf6+ Kh8
28. fxe7 Qxe7 29. Nf4 Nd7 30. Rce1 Qg7 31. Qh5 Nf6 32. Qf3 Rcd8 33. h5 Ng8 34.
Ne6 Rxe6 35. Rxe6 Rxd4 36. h6 Nxh6 37. Qf8+ Qxf8 38. Rxf8+ Kg7 39. Rf2 c5 40.
Kc2 Ng4 41. Rd2 Rxd2+ 42. Kxd2 Nf6 43. Re5 Kg6 44. Kd3 1-0

[Event "V Festival A"]
[Site "Erba ITA"]
[Date "2011.03.18"]
[Round "1"]
[White "Pucovski, Miroslav"]
[Black "Ranfagni, Stefano"]
[Result "1/2-1/2"]
[WhiteElo "2304"]
[BlackElo "1965"]
[PlyCount "68"]
[EventDate "2011.03.18"]

1. e4 e6 2. d4 d5 3. e5 c5 4. c3 Nc6 5. Nf3 Bd7 6. Bd3 Qb6 7. dxc5 Bxc5 8. O-O
f6 9. b4 Be7 10. Qe2 fxe5 11. b5 e4 12. bxc6 Bxc6 13. Ne5 exd3 14. Qh5+ g6 15.
Nxg6 hxg6 16. Qxh8 O-O-O 17. Qe5 Bb5 18. Re1 Bf6 19. Qxe6+ Qxe6 20. Rxe6 Bc4
21. Bd2 d4 22. Re4 b5 23. a3 Ne7 24. cxd4 Nf5 25. Bc3 Nxd4 26. Bxd4 Bxd4 27.
Rxd4 Rxd4 28. Nd2 Rd6 29. f3 Re6 30. Ne4 Kc7 31. Kf2 Kb6 32. Ke3 a5 33. Kd4 Re8
34. h4 Rd8+ 1/2-1/2

[Event "V Festival A"]
[Site "Erba ITA"]
[Date "2011.03.18"]
[Round "1"]
[White "Rambaldi, Francesco"]
[Black "Lazic, Miroljub"]
[Result "1-0"]
[WhiteElo "2172"]
[BlackElo "2488"]
[PlyCount "77"]
[EventDate "2011.03.18"]

1. c4 e6 2. Nc3 d5 3. d4 c6 4. e4 dxe4 5. Nxe4 Bb4+ 6. Bd2 Qxd4 7. Bxb4 Qxe4+
8. Be2 Na6 9. Bd6 Qxg2 10. Qd2 Nf6 11. Bf3 Qg6 12. O-O-O e5 13. Bxe5 O-O 14.
Ne2 Qf5 15. Qe3 Nb4 16. Nd4 Nxa2+ 17. Kd2 Rd8 18. Ke2 Qxe5 19. Qxe5 Re8 20.
Qxe8+ Nxe8 21. Nxc6 Be6 22. Ne7+ Kf8 23. Nd5 Rc8 24. Ra1 Bxd5 25. Bxd5 Nb4 26.
Rxa7 Nxd5 27. cxd5 Nd6 28. Rd1 Rc4 29. Kd3 Rc5 30. b4 Rc8 31. Raa1 Ke7 32. Rdc1
Rb8 33. Kd4 Kd7 34. Kc5 Kc7 35. b5 Rd8 36. b6+ Kd7 37. Kb4 Ke7 38. Rc7+ Kf6 39.
Re1 1-0

[Event "V Festival A"]
[Site "Erba ITA"]
[Date "2011.03.18"]
[Round "1"]
[White "Rota, Simone"]
[Black "Bellia, Fabrizio"]
[Result "0-1"]
[WhiteElo "2020"]
[BlackElo "2421"]
[PlyCount "91"]
[EventDate "2011.03.18"]

1. d4 d5 2. c4 e6 3. Nf3 Nf6 4. e3 Be7 5. Bd3 O-O 6. O-O b6 7. b3 Bb7 8. Bb2
Nbd7 9. Nbd2 Ne4 10. Qc2 Ndf6 11. cxd5 exd5 12. Ne5 c5 13. f3 Ng5 14. Rac1 Ne6
15. Bf5 Qe8 16. Qd3 a5 17. Qe2 a4 18. Bd3 axb3 19. axb3 Ra2 20. Bb5 Qd8 21. Nd3
Qd6 22. Ra1 Rfa8 23. Rxa2 Rxa2 24. Ra1 Rxa1+ 25. Bxa1 Qb8 26. dxc5 bxc5 27. Be5
Qa7 28. Nf4 Nxf4 29. Bxf4 Qa1+ 30. Kf2 Nh5 31. Bc7 g6 32. Qd3 Bh4+ 33. g3 Bf6
34. Bb6 Qc1 35. Ba5 Qh1 36. Nf1 d4 37. e4 Bc8 38. e5 Be7 39. f4 Bb7 40. Ke1 Ng7
41. g4 Bh4+ 42. Kd2 Ne6 43. Qh3 g5 44. fxg5 Bxg5+ 45. Ke1 Nf4 46. Qg3 0-1

[Event "V Festival A"]
[Site "Erba ITA"]
[Date "2011.03.18"]
[Round "1"]
[White "Salvador, Roland"]
[Black "Lapiccirella, Daniele"]
[Result "1-0"]
[WhiteElo "2532"]
[BlackElo "2255"]
[PlyCount "59"]
[EventDate "2011.03.18"]

1. d4 d5 2. Nf3 Nf6 3. c4 c6 4. e3 e6 5. Nc3 Nbd7 6. Qc2 Bd6 7. b3 O-O 8. Be2
b6 9. Bb2 Bb7 10. Rd1 Qe7 11. O-O Rac8 12. e4 Nxe4 13. Nxe4 dxe4 14. Qxe4 Nf6
15. Qc2 c5 16. d5 exd5 17. cxd5 Nxd5 18. Bc4 Nf6 19. Rfe1 Bxf3 20. gxf3 Qc7 21.
Bxf6 gxf6 22. Qf5 Bxh2+ 23. Kh1 Rfe8 24. Bd3 Kf8 25. Qxh7 Be5 26. Bb5 Qb7 27.
Qh8+ Ke7 28. Rxe5+ fxe5 29. Qxe5+ Kf8 30. Qd6+ 1-0

[Event "V Festival A"]
[Site "Erba ITA"]
[Date "2011.03.18"]
[Round "1"]
[White "Sgnaolin, Davide"]
[Black "Guzzetti, Luigi Enrico"]
[Result "1/2-1/2"]
[WhiteElo "2284"]
[BlackElo "1908"]
[PlyCount "89"]
[EventDate "2011.03.18"]

1. e4 c5 2. c3 e6 3. Nf3 Nc6 4. d4 d5 5. exd5 Qxd5 6. Bd3 cxd4 7. cxd4 Nf6 8.
Nc3 Qd8 9. O-O Be7 10. a3 O-O 11. Bc2 b6 12. Qd3 Bb7 13. Bg5 g6 14. Rad1 Nd5
15. Bh6 Re8 16. Bb3 Nxc3 17. bxc3 Na5 18. Ba4 Bc6 19. Bxc6 Nxc6 20. c4 Qd6 21.
d5 Ne5 22. Nxe5 Qxe5 23. Rfe1 Qh5 24. Bf4 Rad8 25. d6 Bg5 26. Bg3 Rd7 27. Re5
Red8 28. c5 bxc5 29. Rxc5 Qh6 30. Rc7 Bf4 31. Rxd7 Rxd7 32. Qb5 Rd8 33. d7 Bxg3
34. hxg3 Qh5 35. Qa4 Kg7 36. Rd4 Qc5 37. Rc4 Qd5 38. Rd4 Qc5 39. Rd1 Qh5 40.
Qd4+ f6 41. Qd6 Kf7 42. Rd3 Qe5 43. Qc6 h6 44. Qc8 Ke7 45. Qc1 1/2-1/2

[Event "V Festival A"]
[Site "Erba ITA"]
[Date "2011.03.18"]
[Round "1"]
[White "Smith, Bryan G."]
[Black "Janeva, Mariya"]
[Result "1-0"]
[WhiteElo "2466"]
[BlackElo "2028"]
[PlyCount "47"]
[EventDate "2011.03.18"]

1. e4 e5 2. Nf3 Nc6 3. Bb5 a6 4. Ba4 Nf6 5. O-O Be7 6. Re1 b5 7. Bb3 d6 8. c3
O-O 9. h3 Na5 10. Bc2 c5 11. d4 Nc6 12. d5 Na5 13. b3 c4 14. b4 Nb7 15. a4 Bd7
16. Be3 a5 17. Na3 axb4 18. cxb4 bxa4 19. Nxc4 Bb5 20. Nfd2 Ra6 21. Na3 Qd7 22.
Ndb1 Raa8 23. Nc3 Ba6 24. b5 1-0

[Event "V Festival A"]
[Site "Erba ITA"]
[Date "2011.03.18"]
[Round "1"]
[White "Vezzosi, Paolo"]
[Black "Pace, Roberto"]
[Result "1-0"]
[WhiteElo "2370"]
[BlackElo "1981"]
[PlyCount "93"]
[EventDate "2011.03.18"]

1. d4 Nf6 2. Bg5 c5 3. d5 Qb6 4. Nc3 d6 5. e4 Nbd7 6. Nf3 h6 7. Bf4 Nh5 8. Be3
g6 9. Nd2 Bg7 10. Nc4 Qc7 11. Be2 Nhf6 12. a4 O-O 13. O-O Nb6 14. Na3 Bd7 15.
Nab5 Qb8 16. a5 Nc8 17. Na3 Qc7 18. Qd2 Kh7 19. Nc4 Rb8 20. f3 b5 21. axb6 axb6
22. Na3 Na7 23. Nab5 Nxb5 24. Nxb5 Bxb5 25. Bxb5 Ra8 26. c3 Ra7 27. Bc6 Rb8 28.
Qe2 Nd7 29. f4 f5 30. exf5 gxf5 31. Qc2 Rf8 32. Bb5 Rxa1 33. Rxa1 h5 34. h3 c4
35. Qe2 Nf6 36. Bxc4 Kg6 37. Bd3 Nxd5 38. g4 e6 39. Bd2 Kf6 40. c4 Qc5+ 41. Kh2
Ne7 42. Be3 Qc7 43. gxf5 Bh6 44. Re1 d5 45. Bd4+ Kf7 46. Qxe6+ Ke8 47. Qxh6 1-0

[Event "V Festival A"]
[Site "Erba ITA"]
[Date "2011.03.19"]
[Round "2"]
[White "Angelini, Marco"]
[Black "Cattaneo, Marco"]
[Result "1/2-1/2"]
[WhiteElo "2177"]
[BlackElo "1990"]
[PlyCount "58"]
[EventDate "2011.03.18"]

1. e4 c5 2. Nf3 d6 3. d4 cxd4 4. Nxd4 Nf6 5. Nc3 g6 6. Be2 Bg7 7. O-O O-O 8.
Be3 Nc6 9. Nb3 Be6 10. f4 Qc8 11. h3 Rd8 12. Bf3 Bc4 13. Rf2 b5 14. Ne2 d5 15.
e5 Ne4 16. Bxe4 dxe4 17. Qe1 f6 18. exf6 Bxf6 19. c3 Bh4 20. g3 Rd3 21. Nec1
Bxg3 22. Nxd3 Bxd3 23. Kg2 Bxf2 24. Qxf2 Qf5 25. Nd4 Nxd4 26. Bxd4 a5 27. a4
bxa4 28. Rxa4 Qb5 29. Ra1 Ra6 1/2-1/2

[Event "V Festival A"]
[Site "Erba ITA"]
[Date "2011.03.19"]
[Round "2"]
[White "Arnaudov, G. Petar"]
[Black "Vezzosi, Paolo"]
[Result "1-0"]
[WhiteElo "2453"]
[BlackElo "2370"]
[PlyCount "41"]
[EventDate "2011.03.18"]

1. d4 e6 2. c4 Bb4+ 3. Bd2 Qe7 4. g3 f5 5. Bg2 Nf6 6. Nf3 O-O 7. O-O Bxd2 8.
Qxd2 d6 9. Nc3 Nbd7 10. Qd3 Nb6 11. Rfe1 Bd7 12. e4 fxe4 13. Nxe4 Rae8 14. Nc3
Qf7 15. Ng5 Qh5 16. h4 c6 17. Re2 Re7 18. Rae1 Qe8 19. Nce4 h6 20. Nxd6 Qb8 21.
Nge4 1-0

[Event "V Festival A"]
[Site "Erba ITA"]
[Date "2011.03.19"]
[Round "2"]
[White "Bellia, Fabrizio"]
[Black "Salvador, Roland"]
[Result "1-0"]
[WhiteElo "2421"]
[BlackElo "2532"]
[PlyCount "81"]
[EventDate "2011.03.18"]

1. e4 c5 2. Nf3 e6 3. d4 cxd4 4. Nxd4 a6 5. Nc3 Qc7 6. Be2 Nc6 7. Be3 b5 8.
Nxc6 dxc6 9. O-O e5 10. a4 b4 11. Nb1 Nf6 12. Nd2 Be6 13. Bc4 Qc8 14. Qe2 Be7
15. f3 Nh5 16. Bxe6 Qxe6 17. Qc4 Qf6 18. Bc5 O-O 19. Qxb4 Bxc5+ 20. Qxc5 Nf4
21. Nc4 Qg5 22. g3 Rae8 23. Kh1 Nh5 24. Qe3 Qg6 25. Rad1 Qe6 26. Qe2 Qh6 27.
Kg1 Re6 28. Ne3 Qg5 29. Nf5 g6 30. Qe3 Qf6 31. Nh6+ Kh8 32. Rd7 Qg7 33. Ng4 g5
34. Rfd1 Nf4 35. gxf4 gxf4 36. Qf2 h5 37. Qh4 Rh6 38. R1d6 Rh7 39. Rd8 hxg4 40.
Rxf8+ Qxf8 41. Qf6+ 1-0

[Event "V Festival A"]
[Site "Erba ITA"]
[Date "2011.03.19"]
[Round "2"]
[White "Betori, Alessandro"]
[Black "Gagliardi, Christian"]
[Result "0-1"]
[WhiteElo "2025"]
[BlackElo "2212"]
[PlyCount "59"]
[EventDate "2011.03.18"]

1. Nf3 c5 2. e4 Nc6 3. d3 d6 4. g3 g6 5. Bg2 Bg7 6. O-O Nf6 7. Nbd2 O-O 8. Re1
Qc7 9. Nf1 Nd7 10. h4 Nd4 11. Ne3 e6 12. h5 Rb8 13. Nh2 b5 14. f4 Nb6 15. c3
Nc6 16. f5 b4 17. Nhg4 exf5 18. exf5 gxf5 19. h6 Bh8 20. Qd2 fxg4 21. Nd5 Qd8
22. Nc7 Ne5 23. cxb4 Qxc7 24. Rxe5 Bxe5 25. d4 Bxd4+ 26. Kh2 f6 27. Qd3 Qf7 28.
Be3 Qh5+ 29. Kg1 Qe5 30. Kf2 0-1

[Event "V Festival A"]
[Site "Erba ITA"]
[Date "2011.03.19"]
[Round "2"]
[White "Damia, Angelo"]
[Black "Drazic, Sinisa"]
[Result "0-1"]
[WhiteElo "2334"]
[BlackElo "2467"]
[PlyCount "40"]
[EventDate "2011.03.18"]

1. e4 e6 2. d4 d5 3. Nc3 dxe4 4. Nxe4 Bd7 5. Nf3 Bc6 6. Bd3 Nd7 7. Bd2 Ngf6 8.
Qe2 Bxe4 9. Bxe4 Nxe4 10. Qxe4 c6 11. O-O-O Be7 12. Kb1 O-O 13. h4 Re8 14. Bg5
a5 15. g4 a4 16. Ne5 a3 17. b3 f6 18. Nf3 Bd6 19. Bf4 f5 20. gxf5 Nf6 0-1

[Event "V Festival A"]
[Site "Erba ITA"]
[Date "2011.03.19"]
[Round "2"]
[White "Guzzetti, Luigi Enrico"]
[Black "Pucovski, Miroslav"]
[Result "0-1"]
[WhiteElo "1908"]
[BlackElo "2304"]
[PlyCount "94"]
[EventDate "2011.03.18"]

1. e4 c5 2. Nf3 Nc6 3. d4 cxd4 4. Nxd4 e5 5. Nb3 Nf6 6. Nc3 Bb4 7. Bc4 d6 8.
O-O Bxc3 9. bxc3 Nxe4 10. Bxf7+ Kxf7 11. Qd5+ Be6 12. Qxe4 d5 13. Qe2 Re8 14.
Nc5 b6 15. Nd3 Qd6 16. f4 e4 17. Ne5+ Kg8 18. Nxc6 Qxc6 19. f5 Bd7 20. Be3 Rf8
21. g4 Qxc3 22. Rad1 a6 23. Qf2 Rac8 24. Rxd5 Bb5 25. Rfd1 Qxc2 26. R1d2 Qc1+
27. Rd1 Qc2 28. R1d2 Qa4 29. Bxb6 Rc1+ 30. Kg2 e3 31. Bxe3 Qxg4+ 32. Qg3 Qe4+
33. Qf3 Qxf3+ 34. Kxf3 Bc6 35. Kg3 Bxd5 36. Rxd5 Rc6 37. Bd4 h6 38. h4 Rc4 39.
Kg4 Ra4 40. a3 Rxa3 41. Kh5 Rf3 42. Kg4 Rd3 43. Rd7 Rf7 44. Rd8+ Kh7 45. Kf4
Re7 46. h5 Rd1 47. Kf3 a5 0-1

[Event "V Festival A"]
[Site "Erba ITA"]
[Date "2011.03.19"]
[Round "2"]
[White "Janev, Evgeni"]
[Black "Laketic, Gojko"]
[Result "1-0"]
[WhiteElo "2498"]
[BlackElo "2452"]
[PlyCount "108"]
[EventDate "2011.03.18"]

1. e4 e5 2. Nf3 Nc6 3. Bc4 Bc5 4. d3 Nf6 5. c3 a6 6. O-O Ba7 7. Nbd2 d6 8. Bb3
O-O 9. Nc4 h6 10. h3 Be6 11. a4 Re8 12. a5 d5 13. exd5 Bxd5 14. Nfd2 Qd7 15.
Qe2 Rad8 16. Ba4 Nh7 17. Rd1 f6 18. Nf1 Qf7 19. Be3 Bb8 20. f3 Nf8 21. Qf2 Ng6
22. Ncd2 Kh8 23. c4 Be6 24. Nb3 Nge7 25. Nc5 Bc8 26. Ng3 Rf8 27. f4 Ng6 28.
fxe5 fxe5 29. Qxf7 Rxf7 30. Rf1 Rxf1+ 31. Rxf1 Nge7 32. Nge4 Nf5 33. Nxb7 Rxd3
34. Bc5 Ncd4 35. Nd8 Ne2+ 36. Kf2 Rxd8 37. Kxe2 Be6 38. b3 Kg8 39. g4 Nd6 40.
Bc6 Nxc4 41. Be7 Rc8 42. Nc5 Bf7 43. Bd7 Nd6 44. Bxc8 Nxc8 45. Nxa6 Nxe7 46.
Nxb8 Bxb3 47. Rc1 Nd5 48. Kf3 Nf4 49. Rc5 Nxh3 50. Rxe5 Ng5+ 51. Kf4 Kf7 52.
Nc6 Ne6+ 53. Kf3 Ba4 54. Nb4 Ke7 1-0

[Event "V Festival A"]
[Site "Erba ITA"]
[Date "2011.03.19"]
[Round "2"]
[White "Janeva, Mariya"]
[Black "Miracola, Massimiliano"]
[Result "1-0"]
[WhiteElo "2028"]
[BlackElo "1929"]
[PlyCount "89"]
[EventDate "2011.03.18"]

1. e4 c5 2. Nf3 d6 3. Bc4 Nf6 4. d3 e6 5. c3 Be7 6. O-O O-O 7. Bb3 b6 8. Re1
Bb7 9. Nbd2 Nc6 10. Nf1 Re8 11. Bd2 h6 12. Rc1 Bf8 13. d4 cxd4 14. cxd4 a6 15.
Ng3 Rc8 16. Bc3 Na5 17. Bc2 g6 18. Qe2 Nc6 19. Bd3 b5 20. Bd2 Qb6 21. Be3 Qa5
22. a3 d5 23. e5 Nd7 24. Nh4 Kh7 25. Qg4 Ne7 26. Nh5 Bg7 27. Qf4 Kg8 28. Nxg7
g5 29. Qg4 Kxg7 30. f4 f5 31. exf6+ Nxf6 32. Qg3 g4 33. f5 exf5 34. Nxf5+ Nxf5
35. Bxf5 Rc4 36. b3 Rxc1 37. Rxc1 Qxa3 38. Rc7+ Re7 39. Bc1 Qb4 40. Be3 Kh8 41.
Rxe7 Qxe7 42. Bxh6 Ng8 43. Bf4 Kg7 44. Be5+ Kf8 45. Bd6 1-0

[Event "V Festival A"]
[Site "Erba ITA"]
[Date "2011.03.19"]
[Round "2"]
[White "Kosic, Dragan"]
[Black "Borgo, Giulio"]
[Result "1-0"]
[WhiteElo "2466"]
[BlackElo "2401"]
[PlyCount "37"]
[EventDate "2011.03.18"]

1. d4 d5 2. c4 dxc4 3. Nf3 a6 4. e3 b5 5. a4 Bb7 6. b3 cxb3 7. axb5 axb5 8.
Bxb5+ Nd7 9. Rxa8 Bxa8 10. Qxb3 e6 11. Bxd7+ Qxd7 12. Ne5 Qc8 13. Qa4+ c6 14.
O-O Nf6 15. Nd2 Bb7 16. Ba3 Nd7 17. Bxf8 Kxf8 18. Rb1 Nxe5 19. dxe5 1-0

[Event "V Festival A"]
[Site "Erba ITA"]
[Date "2011.03.19"]
[Round "2"]
[White "Lapiccirella, Daniele"]
[Black "Rota, Simone"]
[Result "1/2-1/2"]
[WhiteElo "2255"]
[BlackElo "2020"]
[PlyCount "119"]
[EventDate "2011.03.18"]

1. d4 d5 2. c4 e6 3. Nc3 Be7 4. cxd5 exd5 5. Nf3 c6 6. Qc2 Nd7 7. Bf4 Ngf6 8.
e3 O-O 9. Bd3 Re8 10. O-O Nf8 11. h3 Ng6 12. Bh2 Bd6 13. Bxd6 Qxd6 14. Rab1 Qe7
15. b4 Ne4 16. Bxe4 dxe4 17. Nd2 f5 18. Ne2 Be6 19. a4 Bd5 20. Rfc1 Qg5 21. Nf1
Re6 22. b5 f4 23. exf4 Nxf4 24. Nxf4 Qxf4 25. Ne3 Rf8 26. bxc6 bxc6 27. Rb2 h5
28. Qd2 Ref6 29. Nxd5 cxd5 30. Qxf4 Rxf4 31. Rc7 R8f7 32. Rxf7 Rxf7 33. Rb8+
Rf8 34. Rb5 Rd8 35. Rb7 Rc8 36. Rxa7 Rc4 37. a5 Rxd4 38. Rd7 Rd1+ 39. Kh2 d4
40. a6 Ra1 41. Rxd4 Rxa6 42. Rxe4 Kh7 43. Re7 Kg6 44. Rb7 Kf6 45. Rb5 g6 46.
Rc5 Rb6 47. Ra5 Rc6 48. g3 Rb6 49. Kg2 Rc6 50. Ra4 Kf5 51. Rf4+ Kg5 52. h4+ Kh6
53. Rf7 Rd6 54. Rb7 Rc6 55. Ra7 Rb6 56. Rf7 Ra6 57. f3 Ra2+ 58. Kh3 Ra3 59. Kg2
Ra2+ 60. Kh3 1/2-1/2

[Event "V Festival A"]
[Site "Erba ITA"]
[Date "2011.03.19"]
[Round "2"]
[White "Lazic, Miroljub"]
[Black "Sgnaolin, Davide"]
[Result "1-0"]
[WhiteElo "2488"]
[BlackElo "2284"]
[PlyCount "127"]
[EventDate "2011.03.18"]

1. g3 c5 2. c4 Nc6 3. Bg2 g6 4. Nc3 Bg7 5. e3 d6 6. Nge2 e5 7. O-O Nge7 8. a3
O-O 9. Rb1 Be6 10. Nd5 Rb8 11. Nec3 Bf5 12. d3 Nxd5 13. cxd5 Ne7 14. b4 cxb4
15. axb4 b5 16. Ra1 Qc7 17. Bb2 Bc8 18. e4 a6 19. Ne2 Bb7 20. d4 Rbd8 21. dxe5
dxe5 22. Qb3 Nc8 23. Rfc1 Qb6 24. Qc2 Qd6 25. Qc5 Nb6 26. Qxd6 Rxd6 27. Rc7 Rb8
28. Nc1 Nc4 29. Bc3 Rdd8 30. Nd3 Rdc8 31. Rxc8+ Bxc8 32. Nc5 Rb6 33. Bf1 Nd6
34. f4 f6 35. Bd3 Kf7 36. fxe5 fxe5 37. Bd2 h6 38. Be3 Nc4 39. Bf2 Rb8 40. Rc1
Nd6 41. Nb3 Bd7 42. Kg2 Bf8 43. Nc5 Bc8 44. Be3 Bg7 45. Kf2 Ke7 46. Ke2 Ra8 47.
Nb3 Bg4+ 48. Kd2 Rc8 49. Nc5 Ra8 50. Nb7 Nxb7 51. Rc7+ Bd7 52. Rxb7 Bf6 53. h4
g5 54. Bc5+ Ke8 55. h5 a5 56. Bxb5 Bxb5 57. Rxb5 axb4 58. Bxb4 Ra2+ 59. Kd3 Rg2
60. Rb8+ Kd7 61. Rb7+ Kc8 62. Rf7 Rxg3+ 63. Kc4 Bd8 64. d6 1-0